Quiz sur Michael Jackson - Statistiques

Statistiques générales
  • Ce quiz a été pris 347 fois
  • Le résultat moyen est 18 sur 29
Statistiques - réponses
Indice Réponse % Correct
Son célèbre pas de danse Moonwalk
97%
Son album le plus vendu Thriller
97%
Son surnom (le plus connu) Roi de la Pop
88%
D'habitude, les gens n'en portent pas ou deux... Lui n'en portait qu'un seul Gant
82%
La marque pour laquelle il tournait une pub lorsque ses cheveux ont pris feu Pepsi
79%
Album de 1979 Bad
78%
Les paroles de cette chanson sont "Annie are you okay" Smooth Criminal
78%
Ses soeurs Janet
77%
Son ranch Neverland
73%
Album de 1991 Dangerous
67%
Ce que les initiales P.Y.T. signifient Pretty Young Thing
67%
Son animal de compagnie 'Bubbles' était un... Chimpanzé
64%
Le prénom de son père Joe
61%
Producteur de l'album ci-dessus Quincy Jones
59%
Ses frères Jermaine
58%
Ses soeurs La Toya
57%
Billie Jean n'est pas son... Lover
57%
"The Girl is Mine" était un duo avec ce chanteur Paul McCartney
57%
Il a joué le rôle de l'épouvantail dans ce film Le Magicien d'Oz
56%
Sa première femme Lisa-Marie Presley
55%
Album de 1987 Off the Wall
54%
Ses frères Tito
54%
Sa ville de naissance Gary, Indiana
50%
Son premier label lorsqu'il a débuté sa carrière solo Motown
48%
Ses frères Marlon
47%
Ses frères Jackie
35%
Ses frères Randy
34%
Homme auquel il demande de "changer ses habitudes" Man in the Mirror
32%
Ses soeurs Rebbie
28%
Aucun quiz correspondant
Distribution des résultats
% des personnes avec chaque résultat
Percentile par nombre de réponses
Votre historique - résultats
Vous n’avez pas pris ce quiz